Parque nacional La Campana: (Registro nro. 2979)

Detalles MARC
000 -CABECERA
Campo de control 01267nam a2200373 a 4500
005 - FECHA Y HORA DE LA ULTIMA TRANSACCION
Campo de control 20200104041537.0
008 - ELEMENTOS DE LONGITUD FIJA—INFORMACION GENERAL
Campo de control 140307b2002 cl ||||| |||| 00| 0 spa d
040 ## - FUENTE DE CATALOGACIÓN
Agencia catalogadora original CO-BoIAVH
Agencia transcriptora CO-BoIAVH
041 ## - IDIOMA
Código de idioma para texto/pista de sonido o título separado Español
044 ## - PAÍS DE PUBLICACIÓN
País de publicación Chile
090 ## - CLASIFICACIÓN LOCAL
Colección LB
Consecutivo 02750
100 1# - ASIENTO PRINCIPAL--NOMBRE PERSONAL
Nombre personal Cabello, Gloria
9 (RLIN) 18047
245 10 - MENCION DE TITULO
Título Parque nacional La Campana:
Parte restante del título origen de una reserva de la biosfera en Chile central
260 ## - PUBLICACION, DISTRIBUCION, ETC. (PIE DE IMPRENTA)
Lugar de publicación, distribución, etc. Santiago de Chile:
Nombre del editor, distribuidor, etc. Taller La Era;
Fecha de publicación, distribución, etc. 2002.
300 ## - DESCRIPCION FISICA
Extensión 176 páginas
650 ## - ASIENTO SECUNDARIO DE MATERIA - TERMINO TEMATICO
Término temático o nombre geográfico como elemento de entrada Areas protegidas
9 (RLIN) 78
650 ## - ASIENTO SECUNDARIO DE MATERIA - TERMINO TEMATICO
Término temático o nombre geográfico como elemento de entrada Reservas de la biosfera
9 (RLIN) 7864
650 ## - ASIENTO SECUNDARIO DE MATERIA - TERMINO TEMATICO
Término temático o nombre geográfico como elemento de entrada Planificación de áreas protegidas
9 (RLIN) 18049
650 ## - ASIENTO SECUNDARIO DE MATERIA - TERMINO TEMATICO
Término temático o nombre geográfico como elemento de entrada Bosques templados
9 (RLIN) 18050
662 ## - ASIENTO SECUNDARIO DE MATERIA - JERARQUIA DEL NOMBRE DE LUGAR(
País o entidad mayor Chile
Jurisdicción política intermedia Parque Nacional La Campana
700 ## - ASIENTO SECUNDARIO - NOMBRE PERSONAL
Nombre personal Vegegas, Fernando
9 (RLIN) 18051
700 ## - ASIENTO SECUNDARIO - NOMBRE PERSONAL
Nombre personal Darwin, Charles
9 (RLIN) 18052
700 1# - ASIENTO SECUNDARIO - NOMBRE PERSONAL
Nombre personal Elórtequi Francioli, Sergio
Término de relación editor
9 (RLIN) 18053
700 ## - ASIENTO SECUNDARIO - NOMBRE PERSONAL
Nombre personal Luebert, Federico
9 (RLIN) 18054
700 ## - ASIENTO SECUNDARIO - NOMBRE PERSONAL
Nombre personal Manríquez, Hermann
9 (RLIN) 18055
700 ## - ASIENTO SECUNDARIO - NOMBRE PERSONAL
Nombre personal Meynard, Francisca
9 (RLIN) 18056
700 1# - ASIENTO SECUNDARIO - NOMBRE PERSONAL
Nombre personal Moreira Muñoz, Andrés
Término de relación editor
9 (RLIN) 18057
700 ## - ASIENTO SECUNDARIO - NOMBRE PERSONAL
Nombre personal Muñoz Schick, Mélica
9 (RLIN) 18058
700 ## - ASIENTO SECUNDARIO - NOMBRE PERSONAL
Nombre personal Pliscoff, Patricio
9 (RLIN) 18059
700 ## - ASIENTO SECUNDARIO - NOMBRE PERSONAL
Nombre personal Solervicens, Claudia
9 (RLIN) 18060
700 ## - ASIENTO SECUNDARIO - NOMBRE PERSONAL
Nombre personal Stingo, Beltrán
9 (RLIN) 18061
700 ## - ASIENTO SECUNDARIO - NOMBRE PERSONAL
Nombre personal Torrers Mura, Juan Carlos
9 (RLIN) 18062
942 ## - ELEMENTOS ADICIONALES (KOHA)
Tipo de ítem Libro
Sistema de clasificación Dewey Decimal Classification
Existencias
Withdrawn status Lost status Sistema de Clasificación Damaged status No para préstamo Colección Inventariado Ubicación Permanente Ubicación actual Fecha de adquisición Fuente de Valor Valor Total Checkouts Número topográfico Inventario / Código de Barras Date last seen Ejemplar Price effective from Forma de adquisición Tipo de material
    Local     Botánica Inventariado 2017 Villa de Leyva Villa de Leyva 13/11/2002 Instituto 15000.00   LB-02750 003428 01/06/2015 Ej. 1 04/12/2012   Libro